00663nam a2200145 a 450000100100000000500170001000800410002704000250006824502070009326000530030030000210035350000210037495201050039599900170050000003398820200930070700.0110919s1871 xxu 001 0 spa d aDO-SdBNPbspacBNPHU00aReport of the commission of inquiry to Santo Domingo. :bwith the introductory massage of the president, special reports made to the commission, state papers furnishied by the of over seventy witnesses. aWashington, :bGoverment printing office,c1871. a297 p. ;c23 cm. aIncluye índice 001050718MOaGRbGRcCTd2011-09-19iLF1l0o p33988-10r2020-06-25w2020-06-25y1ZNo se presta c33479d33479